| 000 | 00981nam a2200229 a 4500 | ||
|---|---|---|---|
| 005 | 20150804174105.0 | ||
| 008 | 140319b2005 ||||| |||| 00| 0 spa d | ||
| 040 |
_aCO-BoIAVH _cCO-BoIAVH |
||
| 041 | _aspa | ||
| 082 | 0 | 4 |
_a636.082 _bA69a |
| 100 | 1 | _aArgumedo Trilleras, Eric Giovanny | |
| 245 | 1 | 0 |
_aArawanas manual para la cria comercial en cautiverio: _bmanejo de reproductores procedimientos de extracción incubación y levante de larvas |
| 246 |
_aArawanas manual para la cria comercial en cautiverio: _bmanejo de reproductores procedimientos de extracción incubación y levante de larvas. Manejo de reproductores. Procedimientos de extracción. Incubación y levante de larvas.. |
||
| 260 |
_aFlorencia: _bACUICA, _c2005. |
||
| 300 | _a105 p. | ||
| 650 | 4 | _aCría de animales | |
| 650 | 4 | _aAcuicultura | |
| 651 | 6 | _aOsteoglossida | |
| 651 | 6 |
_aArawana azul _xcria |
|
| 651 | 6 |
_aArawana plateada _xcria |
|
| 942 |
_cLIBRO _2ddc |
||
| 999 |
_c5273 _d5273 |
||